[Event "5. Griesheimer Schachtage 2009"]
[Site "Griesheim"]
[Date "2009.05.15"]
[Round "1.1"]
[White "Grabarczyk, Bogdan"]
[Black "Storkebaum, Ulrike"]
[Result "1-0"]
[WhiteElo "2450"]
[BlackElo "1878"]
[PlyCount "29"]

1. e4 e5 2. f4 exf4 3. Bc4 Nf6 4. Nc3 d6 5. d4 g5 6. h4
Ng4 7. hxg5 Qxg5 8. Nf3 Qe7 9. Bxf4 f6 10. Qe2 Be6 11. Bxe6 Qxe6 12. Qb5+ Qd7
13. Qxb7 Qc6 14. Qc8+ Kf7 15. Qxg4 1-0

[Event "5. Griesheimer Schachtage 2009"]
[Site "Griesheim"]
[Date "2009.05.15"]
[Round "1.2"]
[White "Trierweiler, Joachim"]
[Black "Zuyev, Igor"]
[Result "1/2-1/2"]
[WhiteElo "1872"]
[BlackElo "2308"]
[PlyCount "83"]

1. Nf3 c5 2. c4 g6 3. g3 Bg7 4. Bg2 Nc6 5. Nc3 d6 6. d3 Nf6 7. Rb1 d5 8. cxd5
Nxd5 9. Bd2 Bg4 10. a3 O-O 11. O-O Qd7 12. Nxd5 Qxd5 13. Bc3 Qd6 14. Nd2 Qc7
15. Ne4 b6 16. Bxg7 Kxg7 17. b4 cxb4 18. axb4 Rac8 19. h3 Be6 20. Ng5 Bd7 21.
Rc1 Qe5 22. Nf3 Qb5 23. Rc4 Be6 24. Rh4 g5 25. Qa1+ Kg8 26. Re4 a6 27. Nd4 Nxd4
28. Qxd4 Rfd8 29. Qe3 Kf8 30. Re5 Qxb4 31. Qxg5 Qd6 32. Bb7 Rc7 33. Bxa6 Bxh3
34. Bc4 Bxf1 35. Rd5 Qxd5 36. Bxd5 Bxe2 37. Bxf7 Kxf7 38. Qf4+ Ke8 39. Qxc7 Rd6
40. Qc8+ Kf7 41. Qf5+ Ke8 42. Qc8+ 1/2-1/2

[Event "5. Griesheimer Schachtage 2009"]
[Site "Griesheim"]
[Date "2009.05.15"]
[Round "1.3"]
[White "Dietz, Holger"]
[Black "Behm, Willi"]
[Result "1-0"]
[WhiteElo "2293"]
[BlackElo "1869"]
[PlyCount "57"]

1. e4 c6 2. Nc3 d5 3. Nf3 Bg4 4. h3 Bxf3 5. Qxf3 e6 6. g3
Nd7 7. Qe2 dxe4 8. Nxe4 Ngf6 9. Bg2 Nxe4 10. Qxe4 Be7 11. O-O O-O 12. d4 Nf6
13. Qe3 Qb6 14. c3 Rfd8 15. Qe2 Rac8 16. b3 Rd7 17. Bb2 c5 18. dxc5 Bxc5 19.
Rad1 Rcd8 20. Rxd7 Rxd7 21. b4 Be7 22. a3 Qd6 23. c4 b6 24. Rc1 Qc7 25. Be5 Qc8
26. c5 bxc5 27. bxc5 Bxc5 28. Qc4 h6 29. Kh2 1-0

[Event "5. Griesheimer Schachtage 2009"]
[Site "Griesheim"]
[Date "2009.05.15"]
[Round "1.4"]
[White "Iwanziw, Niklas"]
[Black "Barthel, Ansgar"]
[Result "0-1"]
[WhiteElo "1866"]
[BlackElo "2258"]
[PlyCount "76"]

1. d4 Nf6 2. c4 g6 3. Nc3 Bg7 4. e4 d6 5. Nf3 O-O 6. Be2
Bg4 7. O-O Nfd7 8. Be3 Nc6 9. d5 Bxf3 10. Bxf3 Na5 11. Be2 Bxc3 12. bxc3 e5 13.
dxe6 fxe6 14. Bg4 Qe7 15. Qa4 b6 16. Rad1 Ne5 17. Be2 Qe8 18. Qb5 a6 19. Qb4
Qc6 20. Rd4 Qd7 21. Rd2 c5 22. Qb1 Naxc4 23. Bxc4 Nxc4 24. Rd3 Qb5 25. Qc2 Nxe3
26. Rxe3 Qc4 27. Rd1 Rad8 28. Rg3 Kg7 29. h4 Rf4 30. h5 Qxe4 31. Qb2 b5 32. c4+
e5 33. cxb5 axb5 34. hxg6 hxg6 35. Re3 Qa4 36. Rd5 Rd4 37. Rexe5 Qd1+ 38. Kh2
Rh4+ 0-1

[Event "5. Griesheimer Schachtage 2009"]
[Site "Griesheim"]
[Date "2009.05.15"]
[Round "1.5"]
[White "Steinkohl, Thomas"]
[Black "Ovsepayan, Arshak"]
[Result "1-0"]
[WhiteElo "2246"]
[BlackElo "1863"]
[PlyCount "41"]

1. e4 e6 2. d4 d5 3. Nc3 Bb4 4. Nge2 Ne7 5. a3 Bxc3+ 6. Nxc3 O-O 7. Bd3 Nbc6 8.
e5 Ng6 9. h4 a6 10. h5 Nge7 11. Qg4 Nf5 12. Bg5 Qd7 13. Bf6 Nce7 14. O-O-O Kh8
15. Qxg7+ Nxg7 16. h6 Ng6 17. hxg7+ Kg8 18. Rxh7 Kxh7 19. Rh1+ Kg8 20. Rh8+
Nxh8 21. gxh8=R# 1-0

[Event "5. Griesheimer Schachtage 2009"]
[Site "Griesheim"]
[Date "2009.05.15"]
[Round "1.6"]
[White "Schroeder, Jan-Christian"]
[Black "Prudlo, Simon"]
[Result "0-1"]
[WhiteElo "1820"]
[BlackElo "2238"]
[PlyCount "66"]

1. e4 e6 2. d4 d5 3. e5 c5 4. c3 Nc6 5. Nf3 Bd7 6. Be2 Nge7 7. Na3 Nc8 8. Nc2
a5 9. Be3 cxd4 10. Ncxd4 Be7 11. O-O O-O 12. Bd3 Nb6 13. Qb3 Nxd4 14. Nxd4 Na4
15. Qc2 g6 16. f4 Nc5 17. Be2 Rc8 18. Bf3 b5 19. f5 exf5 20. Bxd5 Qc7 21. Bh6
Rfd8 22. Rae1 Ne6 23. Bxe6 Bxe6 24. Nxe6 fxe6 25. Qb3 Rd5 26. Be3 a4 27. Qc2
Qc4 28. Rf4 Qxa2 29. Bf2 a3 30. Rb1 Rxc3 31. Qxc3 Qxb1+ 32. Be1 Bc5+ 33. Kh1 a2
0-1

[Event "5. Griesheimer Schachtage 2009"]
[Site "Griesheim"]
[Date "2009.05.15"]
[Round "1.7"]
[White "Gramlich, Sebastian"]
[Black "Sarkoezy, Benjamin"]
[Result "1-0"]
[WhiteElo "2225"]
[BlackElo "1820"]
[PlyCount "79"]

1. d4 d5 2. c4 c6 3. Nf3 Nf6 4. Nc3 dxc4 5. a4 Bf5 6. e3 e6 7. Bxc4 Bb4 8. O-O
O-O 9. Qe2 Bxc3 10. bxc3 Nbd7 11. Ba3 Re8 12. Nh4 Nb6 13. Bb3 Ne4 14. Nxf5 exf5
15. a5 Nd5 16. c4 Ndf6 17. Bb2 Qd6 18. c5 Qc7 19. f3 Ng5 20. Qf2 Rad8 21. a6 b5
22. cxb6 Qxb6 23. Bc4 Nd5 24. Ra3 Qb4 25. Rc1 f4 26. e4 Ne3 27. Rb3 Qa4 28. Ra3
Qb4 29. Bf1 Rb8 30. Ra2 Qb3 31. Ba1 Qe6 32. Ra5 Qg6 33. Kh1 Rb6 34. Bc3 Rd8 35.
Qh4 Ne6 36. Re5 Qf6 37. Qe1 Qg6 38. Ba5 Rb2 39. Bxd8 Rxg2 40. Bg5 {ZUE} 1-0

[Event "5. Griesheimer Schachtage 2009"]
[Site "Griesheim"]
[Date "2009.05.15"]
[Round "1.8"]
[White "Tran, My Linh"]
[Black "Diaz, Joaquin"]
[Result "0-1"]
[WhiteElo "1813"]
[BlackElo "2162"]
[PlyCount "78"]

1. e4 Nf6 2. Nc3 d5 3. exd5 Nxd5 4. Nxd5 Qxd5 5. d4 Nc6 6. c3 e5 7. Nf3 Bg4 8.
Be2 exd4 9. Be3 O-O-O 10. cxd4 Bb4+ 11. Kf1 Rhe8 12. h3 Bxf3 13. Bxf3 Qb5+ 14.
Be2 Qd5 15. Bf3 Qc4+ 16. Be2 Qe6 17. Qa4 Rxd4 18. Qb5 a6 19. Qh5 g6 20. Qf3 Rd7
21. g3 Nd4 22. Bxd4 Rxd4 23. Rc1 Rd2 24. Bc4 Qe4 25. Qxe4 Rxe4 26. Kg2 Rxb2 27.
Bxf7 Ree2 28. Rhf1 Ba5 29. Rc4 Rxa2 30. Rh4 Rab2 31. Rf4 Bb6 32. Rf3 a5 33. Bc4
Rec2 34. Bb3 Rd2 35. Bc4 Kb8 36. Bg8 h6 37. Bh7 g5 38. Bg8 a4 39. Bc4 39... Bc5
{ZUE} 0-1

[Event "5. Griesheimer Schachtage 2009"]
[Site "Griesheim"]
[Date "2009.05.15"]
[Round "1.9"]
[White "Hahn, Werner"]
[Black "Neuner, Johannes"]
[Result "1-0"]
[WhiteElo "2159"]
[BlackElo "1804"]
[PlyCount "61"]

1. d4 Nf6 2. c4 g6 3. Nc3 Bg7 4. e4 d6 5. Nf3 O-O 6. Be2 e5 7. O-O Nc6 8. d5
Ne7 9. Nd2 a5 10. a3 Nd7 11. Rb1 f5 12. b4 axb4 13. axb4 b6 14. f3 Bh6 15. Nb3
Bxc1 16. Qxc1 f4 17. Nb5 Nf6 18. c5 Ba6 19. Ra1 Bxb5 20. Bxb5 Rxa1 21. Qxa1 Qa8
22. Qc3 bxc5 23. bxc5 Qb7 24. Bc4 Ra8 25. Kh1 Ra3 26. Rb1 Kf7 27. Qc1 Qb4 28.
cxd6 cxd6 29. Nd2 Qa5 30. Bb3 Nd7 31. Nc4 1-0

[Event "5. Griesheimer Schachtage 2009"]
[Site "Griesheim"]
[Date "2009.05.15"]
[Round "1.10"]
[White "Will, Dominik"]
[Black "Busch, Lorenz"]
[Result "0-1"]
[WhiteElo "1790"]
[BlackElo "2158"]
[PlyCount "116"]

1. e4 e6 2. Nf3 d5 3. e5 c5 4. b4 cxb4 5. a3 Nc6 6. axb4 Bxb4 7. c3 Bf8 8. d4
Nge7 9. Bd3 Ng6 10. O-O Be7 11. Ba3 O-O 12. Bxe7 Qxe7 13. Na3 Nh4 14. Nxh4 Qxh4
15. f4 f5 16. Nb5 a6 17. Nd6 Nd8 18. c4 dxc4 19. Bxc4 Qe7 20. Ra2 Nf7 21. Nxf7
Rxf7 22. g4 Bd7 23. Qb1 b5 24. Bb3 Kh8 25. Rc2 Qh4 26. d5 Re7 27. dxe6 Rxe6 28.
gxf5 Bc6 29. Qd1 Rh6 30. Be6 Qh3 31. Qe2 Bb7 32. Rc7 Be4 33. Rfc1 Rxe6 34. Rc8+
Re8 35. Rxe8+ Rxe8 36. Qxe4 Rf8 37. e6 Qa3 38. Rd1 Qb3 39. Rd7 Rc8 40. Qe2 Qb1+
41. Rd1 Qxf5 42. Rd7 Rc1+ 43. Kg2 Qg6+ 44. Kf2 h5 45. e7 Qg1+ 46. Kf3 Qg4+ 47.
Kf2 Qxf4+ 48. Kg2 Qg5+ 49. Kf2 Qg1+ 50. Kf3 Rf1+ 51. Ke4 Qg6+ 52. Kd4 Qb6+ 53.
Kd3 Qg6+ 54. Kd4 Qf6+ 55. Kd3 Qf5+ 56. Kc3 Rc1+ 57. Kb4 Qc5+ 58. Kb3 Qc3+ 0-1

[Event "5. Griesheimer Schachtage 2009"]
[Site "Griesheim"]
[Date "2009.05.15"]
[Round "1.11"]
[White "Hirth, Ulrich"]
[Black "Fuehrer, Michael"]
[Result "1-0"]
[WhiteElo "2153"]
[BlackElo "1787"]
[PlyCount "85"]

1. d4 d5 2. Bf4 c5 3. Nc3 Nf6 4. e3 Nc6 5. Nb5 Qa5+ 6. c3
Bg4 7. f3 cxd4 8. exd4 e5 9. dxe5 Nh5 10. Be3 Be6 11. f4 g6 12. Nf3 Be7 13. Be2
O-O 14. O-O a6 15. Nbd4 Ng7 16. Nxe6 fxe6 17. Nd4 Nf5 18. Nxf5 Rxf5 19. Bg4 Qb5
20. Bxf5 gxf5 21. Qd2 Rd8 22. Bd4 Rd7 23. Rad1 Bf8 24. Rf3 Kh8 25. b3 a5 26.
Qd3 Nxd4 27. cxd4 Qb6 28. Rc1 Rd8 29. Rff1 Ba3 30. Rc2 Rg8 31. Rd1 Qb4 32. Rc7
Qb6 33. Qc3 Qb5 34. Qh3 Rg7 35. Rxg7 Kxg7 36. Qd3 Qc6 37. Rd2 Qc1+ 38. Rd1 Qb2
39. Qd2 Qxd2 40. Rxd2 Bc1 41. Rc2 Bxf4 42. Kf2 Bxh2 43. Rc7+ 1-0

[Event "5. Griesheimer Schachtage 2009"]
[Site "Griesheim"]
[Date "2009.05.15"]
[Round "1.12"]
[White "Diehl, Mirko"]
[Black "Farmani Anosheh, Armin"]
[Result "0-1"]
[WhiteElo "1773"]
[BlackElo "2136"]
[PlyCount "92"]

1. e4 c5 2. Nf3 d6 3. d4 cxd4 4. Nxd4 Nf6 5. Bd3 g6 6. O-O Bg7 7. c3 O-O 8. f3
Nc6 9. Be3 Bd7 10. Nd2 d5 11. Nxc6 Bxc6 12. Bd4 dxe4 13. Nxe4 Nd5 14. Bf2 Nf4
15. Bc2 Qc7 16. Qe1 Bb5 17. Qe3 Bxf1 18. Rxf1 b6 19. Kh1 Rad8 20. g3 Qc4 21.
Re1 Nh3 22. Bb3 Qd3 23. Qxd3 Rxd3 24. Be3 h6 25. Bc4 Rdd8 26. f4 g5 27. Kg2 g4
28. f5 Kh7 29. Be2 h5 30. Bd1 Bh6 31. Bd4 Rxd4 32. cxd4 Bg7 33. Bc2 Kg8 34. Rd1
Rd8 35. d5 Bxb2 36. Bb3 Be5 37. Rc1 Kg7 38. Rc6 Rd7 39. Kf1 Rd8 40. Kg2 Rd7 41.
Kf1 f6 42. d6 Bxd6 43. Rc8 Bb4 44. Rg8+ Kh7 45. Rf8 Rd4 46. Rf7+ Kh6 0-1

[Event "5. Griesheimer Schachtage 2009"]
[Site "Griesheim"]
[Date "2009.05.15"]
[Round "1.13"]
[White "Bahlke, Wolfgang"]
[Black "Adamczyk, Matthias"]
[Result "1-0"]
[WhiteElo "2125"]
[BlackElo "1770"]
[PlyCount "75"]

1. c4 e5 2. g3 Nc6 3. Bg2 Nf6 4. Nc3 Bc5 5. e3 d6 6. Nge2 Bg4 7. h3 Bh5 8. O-O
O-O 9. a3 a5 10. b3 Qd7 11. Bb2 Rfe8 12. d3 Rad8 13. Qd2 h6 14. Rfe1 Bb6 15.
Na4 d5 16. Nxb6 cxb6 17. cxd5 Nxd5 18. d4 Bxe2 19. Rxe2 exd4 20. exd4 Qf5 21.
Rae1 Nf6 22. Rxe8+ Rxe8 23. Rxe8+ Nxe8 24. d5 Qd7 25. Qe3 Ne7 26. Qxb6 Nxd5 27.
Qxa5 Nef6 28. Bxf6 Nxf6 29. Qa8+ Kh7 30. Qxb7 Qd1+ 31. Kh2 Qe2 32. Qf3 Qa6 33.
a4 Qa5 34. Qb7 Qf5 35. Qb6 h5 36. a5 Nd7 37. Qd4 Nf6 38. a6 1-0

[Event "5. Griesheimer Schachtage 2009"]
[Site "Griesheim"]
[Date "2009.05.15"]
[Round "1.14"]
[White "Merkel, Gregor"]
[Black "Werner, Bernd-Michael"]
[Result "0-1"]
[WhiteElo "1743"]
[BlackElo "2123"]
[PlyCount "88"]

1. e4 Nf6 2. Nc3 d5 3. e5 Nfd7 4. d4 e6 5. Nf3 c5 6. Bb5 Nc6 7. Bxc6 bxc6 8.
O-O cxd4 9. Qxd4 Qb6 10. Qh4 Rb8 11. Qh5 g6 12. Qh3 h5 13. Re1 Qb4 14. a3 Qg4
15. Ng5 Be7 16. f4 Ba6 17. b4 c5 18. bxc5 Bxc5+ 19. Kh1 Bf2 20. Qxg4 hxg4 21.
Rd1 Rc8 22. Bb2 Bg3 23. h3 Bxf4 24. Nxf7 Kxf7 25. Nxd5 Bg3 26. Nb4 Nc5 27. Nxa6
Nxa6 28. Rd7+ Ke8 29. Rxa7 Nc5 30. a4 gxh3 31. gxh3 Ne4 32. Ba3 Rxh3+ 33. Kg2
Rh2+ 34. Kf3 Bxe5 35. Re7+ Kd8 36. Kxe4 Bxa1 37. Rxe6 Re2+ 38. Kd5 Rd2+ 39. Ke4
Rd4+ 40. Kf3 Rxa4 41. Rd6+ Ke8 42. Re6+ Kf7 43. Re7+ Kf6 44. Bd6 Rc6 0-1

[Event "5. Griesheimer Schachtage 2009"]
[Site "Griesheim"]
[Date "2009.05.15"]
[Round "1.15"]
[White "Pelt, Alexander"]
[Black "Simak, Jaroslav"]
[Result "0-1"]
[WhiteElo "2099"]
[BlackElo "1728"]
[PlyCount "62"]

1. d4 d5 2. Nf3 Nf6 3. e3 g6 4. Bd3 Bg7 5. O-O O-O 6. Nbd2 Nbd7 7. b3 c5 8. Bb2
b6 9. Qe2 Bb7 10. Ng5 h6 11. Nh3 Qc7 12. f4 e6 13. Qf3 cxd4 14. exd4 Rac8 15.
Rae1 Ne4 16. Qe3 Nxd2 17. Qxd2 a6 18. Rf3 Nc5 19. Ba3 Nxd3 20. Rxd3 Rfd8 21.
Re2 a5 22. Rf2 Ba6 23. Rg3 Rd7 24. Re3 Qd8 25. Rc3 Rdc7 26. Rff3 Qf6 27. Rxc7
Qxd4+ 28. Rf2 Rxc7 29. Bc1 Qxd2 30. Rxd2 Bc3 31. Rd1 Be2 0-1

[Event "5. Griesheimer Schachtage 2009"]
[Site "Griesheim"]
[Date "2009.05.15"]
[Round "1.16"]
[White "Opasiak , Dustin Tennessee"]
[Black "Nies, Peter"]
[Result "0-1"]
[WhiteElo "1721"]
[BlackElo "2089"]
[PlyCount "48"]

1. e4 e6 2. d4 d5 3. Nc3 Nf6 4. e5 Nfd7 5. f4 c5 6. Nf3 Nc6 7. Ne2 f6 8. c3 Be7
9. g3 fxe5 10. fxe5 O-O 11. Nf4 Nb6 12. Bh3 cxd4 13. Bxe6+ Kh8 14. Nxd4 Nxd4
15. cxd4 Bb4+ 16. Bd2 Rxf4 17. gxf4 Qh4+ 18. Ke2 Bxe6 19. h3 Bxd2 20. Qxd2 Nc4
21. Qc1 Rf8 22. b3 Rxf4 23. bxc4 Qf2+ 24. Kd1 Rxd4+ 0-1

[Event "5. Griesheimer Schachtage 2009"]
[Site "Griesheim"]
[Date "2009.05.15"]
[Round "1.17"]
[White "Hornung, Thomas"]
[Black "Kuenitz, Klaus"]
[Result "1-0"]
[WhiteElo "2070"]
[BlackElo "1699"]
[PlyCount "75"]

1. d4 f5 2. Nc3 d5 3. Bf4 Nc6 4. e3 g6 5. Nb5 e5 6. Bxe5
Nxe5 7. dxe5 Bg7 8. f4 a6 9. Nc3 Be6 10. Nf3 c6 11. Qd2 Ne7 12. Be2 O-O 13. h4
h5 14. O-O Kh8 15. g3 Ng8 16. Ng5 Qe7 17. a4 Nh6 18. a5 Ng4 19. Bxg4 fxg4 20.
Rfd1 Rad8 21. Qe2 Bg8 22. Kg2 Bh6 23. Rd4 Bxg5 24. hxg5 c5 25. Rd2 d4 26. exd4
cxd4 27. Ne4 Qb4 28. b3 Bd5 29. Rd3 Bc6 30. Rdd1 d3 31. cxd3 Rxd3 32. Rxd3
Qxe4+ 33. Kf2 Qg2+ 34. Ke1 Qh1+ 35. Qf1 Qe4+ 36. Kd2 Bb5 37. Rc1 Qb4+ 38. Rcc3
{ZUE} 1-0

[Event "5. Griesheimer Schachtage 2009"]
[Site "Griesheim"]
[Date "2009.05.15"]
[Round "1.18"]
[White "Barisch, Florian"]
[Black "Diehm, Alexander"]
[Result "0-1"]
[WhiteElo "1697"]
[BlackElo "2067"]
[PlyCount "108"]

1. d4 f5 2. e3 Nf6 3. f4 b6 4. Nf3 Bb7 5. Bd3 e6 6. O-O Nc6 7. c3 Be7 8. Nbd2
O-O 9. Qe2 Qe8 10. Ne5 Nxe5 11. dxe5 Ng4 12. h3 Nxe3 13. Rf2 Qg6 14. Nf3 Nd5
15. Kh2 Bc5 16. Nd4 Rae8 17. g4 d6 18. Rf1 Qh6 19. gxf5 Bxd4 20. cxd4 exf5 21.
Bd2 dxe5 22. dxe5 Kh8 23. Rac1 c5 24. Rce1 Re6 25. Qf2 Ne7 26. Bc4 Rg6 27. Rg1
Rd8 28. Bc3 Rg4 29. Ref1 Rh4 30. Rg3 Ng6 31. Qe3 Rxf4 32. Rxf4 Qxf4 33. Qxf4
Nxf4 34. e6 Ng6 35. e7 Re8 36. Bf7 Rxe7 37. Bxg6 hxg6 38. Rxg6 Kh7 39. Rg5 g6
40. Kg1 Re2 41. Kf1 Rh2 42. Rg3 Kh6 43. Be5 Rh1+ 44. Kf2 Rh2+ 45. Kf1 Be4 46.
Bf6 c4 47. Be5 Rc2 48. h4 b5 49. Ra3 Kh5 50. Rxa7 Kg4 51. Rg7 f4 52. h5 Bd3+
53. Ke1 Re2+ 54. Kd1 54... Rxe5 {ZUE} 0-1

[Event "5. Griesheimer Schachtage 2009"]
[Site "Griesheim"]
[Date "2009.05.15"]
[Round "1.19"]
[White "Hoeck, Raimund"]
[Black "Kalmbach, Rainer"]
[Result "1-0"]
[WhiteElo "2064"]
[BlackElo "1689"]
[PlyCount "99"]

1. d4 c5 2. d5 Nf6 3. c4 g6 4. Nc3 Bg7 5. Nf3 O-O 6. e4 d6 7. Be2 a6 8. O-O
Nbd7 9. h3 Ne8 10. Bf4 f5 11. exf5 gxf5 12. Ng5 Ndf6 13. Bd3 Nc7 14. Qd2 Nh5
15. Bh2 h6 16. Nf3 Qe8 17. a4 Qf7 18. Rfe1 Bd7 19. Qc2 Kh8 20. a5 Rg8 21. Kh1
Bf6 22. Rg1 Bg7 23. Rae1 Bf6 24. Bxf5 Bxf5 25. Qxf5 Raf8 26. Qd7 Rc8 27. Qf5
Rcf8 28. Nd1 Qg7 29. Qc2 Qf7 30. Re2 Qg7 31. Qb3 Qg6 32. Qe3 Ne8 33. Nc3 Nhg7
34. Qe4 Nf5 35. Ne1 Nd4 36. Qxg6 Rxg6 37. Re4 Bg5 38. f4 Bf6 39. g4 Rfg8 40.
Rf1 Nb3 41. Rf2 Nxa5 42. Nd3 Nb3 43. Bg3 Nc7 44. f5 R6g7 45. Nf4 Be5 46. Rxe5
dxe5 47. Ng6+ Rxg6 48. fxg6 Ne8 49. Bxe5+ Nf6 50. d6 1-0

[Event "5. Griesheimer Schachtage 2009"]
[Site "Griesheim"]
[Date "2009.05.15"]
[Round "1.20"]
[White "Hahn, Florian"]
[Black "Leiter, Thomas"]
[Result "1/2-1/2"]
[WhiteElo "1688"]
[BlackElo "2054"]
[PlyCount "45"]

1. c4 e5 2. g3 g6 3. Bg2 Bg7 4. Nc3 d6 5. e4 Ne7 6. Nge2 O-O 7. O-O c6 8. d4 a6
9. Rb1 b5 10. cxb5 axb5 11. a3 Bg4 12. h3 Be6 13. Be3 Nd7 14. d5 cxd5 15. exd5
Bf5 16. Rc1 Nf6 17. Nxb5 Qd7 18. a4 Rfc8 19. g4 Rxc1 20. Bxc1 Be4 21. Nec3 Bxg2
22. Kxg2 Rc8 23. Bg5 1/2-1/2

[Event "5. Griesheimer Schachtage 2009"]
[Site "Griesheim"]
[Date "2009.05.15"]
[Round "1.21"]
[White "Berger, Stefan"]
[Black "Wolk, Christine"]
[Result "1-0"]
[WhiteElo "2045"]
[BlackElo "1687"]
[PlyCount "115"]

1. d4 Nf6 2. Bf4 g6 3. e3 Bg7 4. Nf3 d6 5. h3 O-O 6. Be2 Nbd7 7. c3 c6 8. Na3
Qc7 9. Bh2 Re8 10. Qb3 e5 11. O-O exd4 12. cxd4 Nb6 13. Rfc1 Be6 14. Qb4 Nbd5
15. Qe1 Nb6 16. Nb5 Qd7 17. Nxd6 Red8 18. Nc4 Nxc4 19. Bxc4 Bxc4 20. Rxc4 Ne4
21. Be5 f6 22. Bh2 Re8 23. a4 Rad8 24. b4 Qe6 25. Rac1 Rd5 26. Nd2 Nd6 27. Bxd6
Qxd6 28. Nf3 f5 29. Qd2 Qd7 30. Qa2 Kh8 31. Rc5 Rxc5 32. bxc5 f4 33. Re1 fxe3
34. fxe3 Bh6 35. Ne5 Bxe3+ 36. Kh1 Qxd4 37. Nf7+ Kg7 38. Ng5 Re7 39. Nf3 Qxc5
40. Qb2+ Kg8 41. Qb3+ Qd5 42. Rxe3 Rxe3 43. Qxe3 Qd1+ 44. Kh2 Qxa4 45. Qe8+ Kg7
46. Qe7+ Kg8 47. Qf6 Qb4 48. Ng5 Qf8 49. Qe6+ Kh8 50. Qe5+ Qg7 51. Qb8+ Qg8 52.
Qxb7 a5 53. Nf7+ Kg7 54. Ne5+ Kh6 55. Nxc6 Qd5 56. Qc7 a4 57. Qf4+ g5 58. Qf6+
1-0

[Event "5. Griesheimer Schachtage 2009"]
[Site "Griesheim"]
[Date "2009.05.15"]
[Round "1.22"]
[White "Josic, Ivica"]
[Black "Lenhardt, Manfred"]
[Result "0-1"]
[WhiteElo "1633"]
[BlackElo "2040"]
[PlyCount "66"]

1. e4 g6 2. Nf3 c6 3. Nc3 d5 4. exd5 cxd5 5. Bb5+ Bd7 6. Bxd7+ Qxd7 7. O-O Nc6
8. d4 Bg7 9. Be3 Nh6 10. Ne2 Nf5 11. Bf4 O-O 12. c3 f6 13. Qc2 e5 14. dxe5 fxe5
15. Bg3 Rad8 16. Rad1 h6 17. h3 Kh7 18. Bh4 e4 19. Bxd8 exf3 20. Ng3 fxg2 21.
Kxg2 Qxd8 22. Qb3 d4 23. Nxf5 Rxf5 24. Rd3 Qe7 25. Rg3 d3 26. Qd1 Qe4+ 27. f3
Qd5 28. Rf2 Ne5 29. b3 h5 30. h4 Bh6 31. a4 Ng4 32. Rxg4 hxg4 33. Kf1 gxf3 0-1

[Event "5. Griesheimer Schachtage 2009"]
[Site "Griesheim"]
[Date "2009.05.15"]
[Round "1.23"]
[White "Freund, Karlheinz"]
[Black "Busch, Florian"]
[Result "1/2-1/2"]
[WhiteElo "2039"]
[BlackElo "1632"]
[PlyCount "106"]

1. d4 d5 2. Nc3 e6 3. e4 Nf6 4. Bg5 Bb4 5. e5 h6 6. Bd2 Nfd7 7. a3 Be7 8. f4 c5
9. Nf3 Nc6 10. Ne2 Qb6 11. Bc3 cxd4 12. Nexd4 Nxd4 13. Bxd4 Bc5 14. Bxc5 Nxc5
15. Qd4 Qc6 16. Bd3 Bd7 17. O-O Nxd3 18. cxd3 Qa4 19. Qxa4 Bxa4 20. Rac1 O-O
21. Rc3 Rac8 22. Rfc1 Bd7 23. Kf2 Rc6 24. Rxc6 Bxc6 25. d4 Rc8 26. Ke3 Kf8 27.
Ne1 Ke7 28. Nd3 Kd7 29. Nc5+ Kd8 30. g4 g6 31. Nd3 Rc7 32. f5 gxf5 33. gxf5
exf5 34. Kf4 a6 35. Nb4 a5 36. Nxc6+ bxc6 37. Kxf5 Ke7 38. b4 axb4 39. axb4 Rb7
40. Rb1 Rb8 41. Rb2 Rb7 42. Kg4 f6 43. Kf5 fxe5 44. Kxe5 Rb8 45. b5 Rb7 46. b6
Rb8 47. Kf5 Kd6 48. Kg6 c5 49. dxc5+ Kxc5 50. b7 Kc6 51. Kxh6 Rxb7 52. Rxb7
Kxb7 53. Kg5 Kc8 1/2-1/2

[Event "5. Griesheimer Schachtage 2009"]
[Site "Griesheim"]
[Date "2009.05.15"]
[Round "1.24"]
[White "Krischak, Werner"]
[Black "Dankesreiter, Arne"]
[Result "0-1"]
[WhiteElo "1619"]
[BlackElo "2017"]
[PlyCount "64"]

1. d4 Nf6 2. c4 g6 3. Nc3 d5 4. cxd5 Nxd5 5. Qb3 Nxc3 6. bxc3 Bg7 7. e3 O-O 8.
Nf3 c5 9. Bd3 cxd4 10. cxd4 Nc6 11. Bb2 Be6 12. Qa3 Qa5+ 13. Qxa5 Nxa5 14. O-O
Bc4 15. Bxc4 Nxc4 16. Bc3 Rfc8 17. Rfc1 Rc7 18. Ba5 b6 19. Nd2 Rac8 20. Bb4 a5
21. Rxc4 Rxc4 22. Nxc4 Rxc4 23. Bxe7 b5 24. Rb1 Bf8 25. Bd8 a4 26. Kf1 b4 27.
Ke1 Rc2 28. Ba5 a3 29. Ra1 Rb2 30. Bc7 b3 31. d5 bxa2 32. Be5 Bg7 0-1

[Event "5. Griesheimer Schachtage 2009"]
[Site "Griesheim"]
[Date "2009.05.15"]
[Round "1.25"]
[White "Hummel, Dennis"]
[Black "Selzer, Torsten"]
[Result "1-0"]
[WhiteElo "2003"]
[BlackElo "1618"]
[PlyCount "146"]

1. e4 c5 2. Nc3 Nc6 3. g3 g6 4. Bg2 Bg7 5. d3 d6 6. Be3 e6 7. f4 Nge7 8. Nf3
O-O 9. O-O Nd4 10. e5 Nef5 11. Bf2 Nxf3+ 12. Bxf3 Nd4 13. Bg2 Rb8 14. exd6 Qxd6
15. Ne4 Qc7 16. c3 Nf5 17. Nxc5 b6 18. Ne4 Ba6 19. Qc2 Rfd8 20. Rfd1 Rbc8 21.
Rd2 Ne7 22. Ng5 h6 23. Nf3 Nd5 24. Rad1 Qb8 25. Qa4 Bb7 26. Nd4 Qa8 27. Qb3 Qb8
28. Ne2 Qc7 29. c4 Ne7 30. Bxb7 Qxb7 31. c5 b5 32. Nc3 a6 33. d4 Nd5 34. Nxd5
Qxd5 35. Qa3 Rc6 36. Qa5 h5 37. a4 Rb8 38. axb5 Rxb5 39. Qc3 Rb3 40. Qc2 Rb4
41. Qd3 Rb3 42. Qf1 Rb4 43. Qg2 Kf8 44. Qxd5 exd5 45. Kf1 Ke7 46. Ke2 Re6+ 47.
Kd3 Kd7 48. Kc3 Rc4+ 49. Kb3 a5 50. Ka3 Re8 51. b3 Rb4 52. Rd3 Reb8 53. Be1
R4b5 54. Ka4 Kc6 55. Bxa5 Ra8 56. b4 Bf6 57. Re3 Rab8 58. Bb6 Ra8+ 59. Kb3 Kd7
60. Ree1 Kc6 61. Ra1 Rxa1 62. Rxa1 Bxd4 63. Ra7 Rxb6 64. cxb6 Bxb6 65. Rxf7 Bg1
66. h3 Bh2 67. Rf6+ Kb5 68. Rxg6 d4 69. Rg5+ Kc6 70. Kc4 h4 71. g4 Bxf4 72.
Rg6+ Kb7 73. Kxd4 Bc1 1-0

[Event "5. Griesheimer Schachtage 2009"]
[Site "Griesheim"]
[Date "2009.05.15"]
[Round "1.26"]
[White "Bauer, Bjoern-Benny"]
[Black "Farmani Anosheh, Yasha"]
[Result "1-0"]
[WhiteElo "1525"]
[BlackElo "1995"]
[PlyCount "61"]

1. d4 Nf6 2. c4 c5 3. d5 e6 4. Nc3 exd5 5. cxd5 d6 6. Nf3 g6 7. e4 Bg7 8. Bc4
O-O 9. O-O a6 10. a4 Re8 11. Re1 Bg4 12. h3 Bxf3 13. Qxf3 Nbd7 14. Bf4 Ne5 15.
Bxe5 Rxe5 16. Qd3 Nh5 17. Ne2 Qe7 18. g4 Qg5 19. Qf3 Rae8 20. Bd3 Nf6 21. Nc3
Nh5 22. Ne2 f5 23. exf5 gxf5 24. Bxf5 Nf4 25. Nxf4 Rxe1+ 26. Rxe1 Rxe1+ 27. Kg2
Kh8 28. Be6 Qf6 29. Qg3 Qd4 30. Ng6+ hxg6 31. Qh4+ 1-0

[Event "5. Griesheimer Schachtage 2009"]
[Site "Griesheim"]
[Date "2009.05.15"]
[Round "1.27"]
[White "Tierling, Detlef"]
[Black "Damm, Nils"]
[Result "1-0"]
[WhiteElo "1992"]
[BlackElo "1473"]
[PlyCount "93"]

1. g4 e5 2. Bg2 d5 3. h3 Bc5 4. e3 Nc6 5. c4 Be6 6. Nc3 Nge7 7. cxd5 Nxd5 8.
Ne4 Bb6 9. a3 O-O 10. b4 a6 11. Bb2 Kh8 12. Ne2 f6 13. N2g3 a5 14. Nc5 Bxc5 15.
bxc5 Qd7 16. O-O Nde7 17. f4 exf4 18. exf4 Bd5 19. g5 Ng8 20. Nh5 Bxg2 21. Kxg2
Qd5+ 22. Qf3 Qxc5 23. Rac1 Qd6 24. Rf2 g6 25. Nxf6 Nxf6 26. Bxf6+ Kg8 27. Qb3+
Rf7 28. Qxb7 Qd5+ 29. Kh2 Ne7 30. Rxc7 Qxb7 31. Rxb7 Nd5 32. Rxf7 Kxf7 33. Be5
Nb6 34. Rf3 Nc4 35. d4 Nd2 36. Rd3 Nc4 37. d5 Nxe5 38. fxe5 Rd8 39. Kg3 Rc8 40.
h4 Re8 41. Kf4 Ke7 42. Rb3 Rf8+ 43. Ke4 Rf1 44. Rb7+ Ke8 45. d6 Rh1 46. Kd5
Rd1+ 47. Ke6 1-0

[Event "5. Griesheimer Schachtage 2009"]
[Site "Griesheim"]
[Date "2009.05.15"]
[Round "1.28"]
[White "Heilmann, Michael"]
[Black "Gutacker, Stephan"]
[Result "0-1"]
[WhiteElo "1288"]
[BlackElo "1985"]
[PlyCount "72"]

1. e4 e5 2. Nf3 Nc6 3. d4 exd4 4. Nxd4 Bc5 5. Be3 Qf6 6. c3 Nge7 7. Be2 d5 8.
exd5 Nxd5 9. O-O Nxe3 10. fxe3 Qe7 11. Bf3 O-O 12. Nxc6 bxc6 13. Kh1 Rb8 14. b4
Bxe3 15. Bxc6 Qg5 16. Na3 Be6 17. Nc2 Bd2 18. Nd4 Bxc3 19. Nxe6 fxe6 20. Rxf8+
Rxf8 21. Rb1 Qf4 22. a3 Bd4 23. Bf3 e5 24. Bd5+ Kh8 25. Qf3 g6 26. Rf1 Kg7 27.
g3 Qxf3+ 28. Rxf3 Rd8 29. Rf7+ Kh6 30. Be4 c5 31. Rc7 cxb4 32. axb4 Rb8 33. Rb7
Rc8 34. b5 Rc1+ 35. Kg2 Re1 36. Kf3 Re3+ 0-1